000 00568nam a22002297a 4500
003 UA-OsUOA
001 92380
007 ta
008 20121213b un ||||| |||| 00| 0 ukr d
100 _aАйхенвальд Ю.
090 _a82.09
_bА37
942 _cBK
040 _aUA-OsUOA
_brus
_cUA-OsUOA
_dUA-OsUOA
245 _aА. И. Сумбатов-Южин
300 _a320 с.
955 _a4
041 _arus
080 _a82.09
260 _aМ.
_c1987
650 7 _a82 Література. Літературознавство
_2UDC
999 _c378627
_d378627